000 00394nam a2200133Ia 4500
005 20260326235506.0
008 260326s9999||||xx |||||||||||||| ||und||
100 _aFonseca Martínez, Lorenzo
245 0 _aVias de confluencias Culturales :
_b Un Patrimonio en común /
_cLorenzo Fonseca Martínez
260 _bInstituto Nacional de Vias
300 _a143 p.
650 _aURBANISMO
942 _cBK
999 _c8178
_d8178